| 000 | 00364nam a2200145Ia 4500 | ||
|---|---|---|---|
| 008 | 230917s9999||||xx |||||||||||||| ||und|| | ||
| 040 |
_e161088 _aMAIN |
||
| 041 | _aEnglish | ||
| 082 | _a780.5 F487F | ||
| 100 | _aGarg, Laxminarayan, ed. | ||
| 245 | 0 | _aFilimi vividh geet. Anka. 3 | |
| 260 |
_aHathras _bSangeet Karyalaya _c1973 |
||
| 300 | _a115 p. | ||
| 942 | _cBK | ||
| 999 |
_c84410 _d84410 |
||